000 01117nam a2200325Ia 4500
005 20250425160742.0
008 250425s9999 xx 000 0 und d
020 _a9586007073
041 _aspa
082 _a515.43
100 _aHOFFMANN, LAURENCE D.
245 0 _aCALCULO PARA ADMINISTRACION, ECONOMIA Y CIENCIAS SOCIALES
250 _a6A ED.
260 _aBOGOTA
260 _aColombia
_bMCGRAW HILL
_c1998
300 _a798
520 _aESTE TEXTO BRINDA UNA COMPRENSION SOLIDA E INTUITIVA DE LOS CONCEPTOS BASICOS, SIN DEJAR A UN LADO LA PRECISION MATEMATICA. EN CONSECUENCIA, LOS TEMAS SE HAN ESCOGIDO DE MANERA CUIDADOSA Y LAS EXPLICACIONES SE PRESENTAN DE MODO INDUCTIVO O GEOMETRICO.
650 _aCALCULO DIFERENCIAL
650 _aCALCULO DIFERENCIAL
650 _aCALCULO DIFERENCIAL
650 _aCALCULO INTEGRAL
650 _aCALCULO INTEGRAL
650 _aCALCULO INTEGRAL
650 _aFUNCIONES LOGARITMICAS
650 _aFUNCIONES LOGARITMICAS
650 _aFUNCIONES LOGARITMICAS
700 _aGERMAN ALBERTO VILLAMIZAR
_etraductor
942 _c01
010 _a4397
999 _c195423
_d195423